| 000 | 00512nam a2200205Ia 4500 | ||
|---|---|---|---|
| 008 | 170918s9999 xx 000 0 und d | ||
| 020 | _a9780516445380 | ||
| 050 | _bV458 1995 | ||
| 100 | _aVenezia, Mike | ||
| 245 | _aAaron Copland / | ||
| 245 | _cMike Venezia. | ||
| 260 | _aNew York : | ||
| 260 | _bChildren's Press, | ||
| 260 | _c1995 | ||
| 300 | _a32 pages : | ||
| 300 | _bcolored illustration ; | ||
| 300 | _c24cm. | ||
| 440 | _aGetting to know the world's greatest composers. | ||
| 500 | _a930 | ||
| 999 |
_c342212 _d342212 |
||